Lectura de la borra del café

Na minha lista:
Detalhes bibliográficos
Formato: Livro
Idioma:espanhol
Publicado em: Buenos Aires Agedit 1990
Assuntos:
Tags: Adicionar Tag
Sem tags, seja o primeiro a adicionar uma tag!

MARC

LEADER 00000nam a2200000 a 4500
001 UCK4820
003 CL-VaPUC
008 050624e19900000AG |||||||||||||||||spa|d
020 |a 9508460229 
082 0 4 |a 133.3244  |b LEC  |2 21 
245 1 0 |a Lectura de la borra del café 
300 |a 93 p 
942 |c BK 
945 |d 20050624 00:00:00  |a cmena 
260 |a Buenos Aires  |b Agedit  |c 1990 
650 0 |a Adivinación   |9 318474 
650 7 |a CAFEOMANCIA  |2 CL-VaPUC  |9 493448 
650 7 |a PRACTICAS ESOTERICAS  |2 CL-VaPUC  |9 337269 
650 0 |a Simbolismo  |9 267046 
583 |a last modification  |c 20050624 00:00:00  |k Rodrigo Vera 
999 |c 313563  |d 313561 
952 |0 0  |1 0  |4 0  |6 133_324400000000000_LEC_1990  |7 0  |8 P  |9 384976  |a BIBGIM  |b BIBGIM  |d 2019-11-22  |i 4101995  |o 133.3244 LEC 1990  |p 4101995  |r 2025-01-15  |w 2019-11-22  |y BK  |k SSL